Prikladnoj regressionnyj analiz : Kniga 2 /

Salvato in:
Dettagli Bibliografici
Autori principali: Draper, N.R (Autore), Smith, H (Autore)
Natura: Libro
Pubblicazione: Moskva : Finansy i statistika, 1987
Edizione:2-je,per.i dopol. izd.
Tags: Aggiungi Tag
Nessun Tag, puoi essere il primo ad aggiungerne!!

MARC

LEADER 00000nam a22000003a 4500
001 stu20064
005 20150617225753.5
008 ------s1987----xxr---------------------d
040 |a STU  |b slo 
041 0
044 |a xxr 
080 |a 517/.519 
100 1 |a Draper, N.R  |4 aut 
245 1 |a Prikladnoj regressionnyj analiz :  |b Kniga 2 /  |c [aut.]Draper,N.R., Smith,H 
250 |a 2-je,per.i dopol. izd. 
260 |a Moskva :  |b Finansy i statistika,  |c 1987 
300 |a 349 s :  |b Tab.,grafy,lit 
700 1 |a Smith, H  |4 aut 
996 |b C79220  |c C*79220  |l CCII  |s P  |a 0  |w stu20064_0001